| 000 | 00853nam a2200265 a 4500 | ||
|---|---|---|---|
| 001 | 4272640 | ||
| 003 | PILC | ||
| 005 | 20150824075337.0 | ||
| 008 | 841025s1984 ilu 000 0 eng | ||
| 010 | _a 84231393 | ||
| 020 | _c$1.95 (pbk.) | ||
| 040 |
_aDLC _cDLC _dDLC |
||
| 043 | _an-us--- | ||
| 050 | 0 | 0 |
_aJK 421 _b.K46 1984 |
| 082 | 0 | 0 | _a353/.075 |
| 100 | 1 | _aKennedy, William R. | |
| 245 | 1 | 2 |
_aA taxpayer survey of the Grace Commission report / _cWilliam R. Kennedy, Jr., Robert W. Lee. |
| 260 |
_aOttawa, Ill. (722 Columbus St., Ottawa 61350) : _bGreen Hill Publishers, _c1984. |
||
| 300 |
_a149 pages ; _c18 cm. |
||
| 610 | 2 | 0 | _aPresident's Private Sector Survey on Cost Control (U.S.) |
| 700 | 1 | _aLee, Robert W. | |
| 740 | 0 | _aGrace Commission report. | |
| 906 |
_a7 _bcbc _corignew _d2 _encip _f19 _gy-gencatlg |
||
| 942 |
_2lcc _cBK _kFOR |
||
| 999 |
_c288431 _d288431 |
||